Visualizzazione normale
Vista MARC
- Solinas Franco
di Personal Name
Records bibliografici associati: 1
001 - CONTROL NUMBER
- control field: 40783
003 - CONTROL NUMBER IDENTIFIER
- control field: IT-RoPau
005 - DATE AND TIME OF LATEST TRANSACTION
- control field: 20151126155050.0
008 - FIXED-LENGTH DATA ELEMENTS
- fixed length control field: 151126|| aca||aabn | a|a d
040 ## - CATALOGING SOURCE
- Original cataloging agency: IT-RoPau
- Transcribing agency: IT-RoPau
100 ## - HEADING--PERSONAL NAME
- Personal name: Solinas Franco
- Relator term: (soggetto)
- Miscellaneous information: Codice Soggetto SPICS: 1140
670 ## - SOURCE DATA FOUND
- Source citation: Work cat.: (IT-RoPau)105328: Pontecorvo Gillo Codice regista SPICS: 2421 40779, GRANDE STRADA AZZURRA (LA) GRANDE STRADA AZZURRA (LA) (Rif. Codice opera principale : 26210)